| 000 | 01158nac a22003017a 4500 | ||
|---|---|---|---|
| 001 | BR8204739 | ||
| 003 | BR-BrBNA | ||
| 005 | 20240105115451.0 | ||
| 008 | 230509b bl.|||m| |||| 00| 0 por d | ||
| 040 |
_aBR-BrBNA _bpor _cBiblioteca Nacional de Agricultura |
||
| 072 | _aE10 | ||
| 090 | _aE10 BR8204739 | ||
| 110 | 1 |
_aSecretaria de Planejamento da Presidencia da Republica, Brasilia, DF (Brasil). Secretaria de Controle de Empresas Estatais _99013 |
|
| 245 | 1 | _aRelatorio das atividades da SEST em 1981 [Secretaria de Planejamento da Presidencia da Republica. Secretaria de Controle de Empresas Estatais, Brasil] | |
| 260 | 3 |
_aBrasilia, DF (Brasil): _c1982. |
|
| 300 | _a195 p. | ||
| 490 |
_aRelatorio - Secretaria de Planejamento da Presidencia da Republica. Secretaria de Controle de Empresas Estatais (Brazil) _v _x |
||
| 500 | _aNumerical data | ||
| 650 | _aPLANEJAMENTO ECONOMICO | ||
| 650 | _aEMPRESA INDUSTRIAL | ||
| 650 | _aEMPRESA COMERCIAL | ||
| 650 | _aEMPRESA AGRICOLA | ||
| 650 | _aFINANCIAMENTO | ||
| 650 | _aINVESTIMENTO | ||
| 650 | _aORCAMENTO | ||
| 909 |
_a202312 _bLúcia Elande _c55 _dLúcia Elande |
||
| 942 |
_2AGRIS _n0 _cMS |
||
| 999 |
_c274958 _d274958 |
||